000 00711cam a22002531 4500
001 ne 64000991
003 DLC
005 20260227111758.0
008 901008s1963 le b 000 0barar
010 _ane 64000991
025 _aPL480:UAR-4018
035 _a(OCoLC)22478490
040 _aDLC
_cWaU
_dWaU
_dDLC
042 _apremarc
050 0 0 _aPJ7700.J3
_bZ87
100 1 _aSulṭān, Jamīl.
245 0 0 _aJarīr
_c[taʻlīf] Jamīl Sulṭān.
250 _a[al-Ṭabʻah al-ūlá]
260 _aBayrūt,
_bDār al-Sharq al-Jadīd
_c[1963]
300 _a180 p.
_c20 cm.
440 0 _aAʻlām al-fikr al-ʻArabī,
_v23
504 _aBibliography: p. 177.
600 0 0 _aJarīr ibn ʻAṭīyah,
_d-728?
999 _c46924
_d46924